| 000 | 0055357nma22001818174500 | ||
|---|---|---|---|
| 003 | OSt | ||
| 005 | 20240430103906.0 | ||
| 006 | eBook | ||
| 008 | 240430b |||||||| |||| 00| 0 eng d | ||
| 040 | _cMRSPTU | ||
| 100 | _aKamthane, Ashok N | ||
| 245 | _aData Structures Using C : For BPUT | ||
| 250 | _a1st | ||
| 260 |
_aNew Delhi _bPearson _c2011 |
||
| 600 | _2Computer Science | ||
| 856 |
_3Click here to access the e-book _uhttps://ebookcentral.proquest.com/lib/gzsptuc/detail.action?docID=5125097&query=Data+Structures+Using+C |
||
| 942 |
_2ddc _cEB _n1 |
||
| 999 |
_c10166 _d10166 |
||